Представление документа в формате MARC21

Поле Инд. ПП Название Значение
Тип записи a
Библиографический уровень b
001 Контрольный номер RU/IS/BASE/440765336
005 Дата корректировки 20200630193132.5
008 Кодируемые данные 20131219
040 b Код языка каталог. rus
e Правила каталог. PSBO
041 0_ a Код языка текста rus
084 a Индекс другой классификации/Индекс ББК 87.3(4Гем)6; 83.3(4Гем)6-003.3
100 1_ a Автор Михайловский А. В.
q Полное имя Михайловский Александр Владиславович
245 10 a Заглавие Три принципа "политической теологии" в круге Штефана Георге
504 a Библиография Библиогр. - Примеч.: с. 158 - 160
520 0_ a Аннотация В статье рассматривается один из наиболее ярких феноменов в интеллектуальной истории Германии начала XX в. - так называемой "круг Георге" (George-Kreis). Выделяются три принципа sine qua non "политической теологии" в круге Георге - принцип союза или ордена, принцип харизматического вождя и принцип господства и служения. Основная гипотеза исследования заключается в том, что круг Георге является не только и не столько поэтическим объединением эпигонов вокург фигуры Мастера, сколько идеологически интегрированной интеллектуальной группой, претендовавшей на переформатирование политики эстетическими средствами и повлиявшей на язык и идеологию "консервативной революции" в Веймарской Германии
600 14 a Персоналии Георге Стефан
a Персоналии Гундольф Фридрих
a Персоналии Вольтерс Фридрих
650 14 a Основная рубрика история литературы
a Основная рубрика история философии
a Основная рубрика литературоведение
a Основная рубрика филологические науки
a Основная рубрика философия
653 0_ a Ключевые слова "Круг Георге"
a Ключевые слова XX век
a Ключевые слова Веймарская республика
a Ключевые слова власть
a Ключевые слова вожди
a Ключевые слова вождизм
a Ключевые слова Германия
a Ключевые слова господство
a Ключевые слова консервативная революция
a Ключевые слова политика
a Ключевые слова политическая теология
a Ключевые слова политические идеи
a Ключевые слова политический авторитет
a Ключевые слова поэзия
a Ключевые слова правители
a Ключевые слова стихотворения
773 08 t Заглавие источника Вопросы философии
d Дата издания источника 2013
g Прочая информация № 5. - С. 149 - 160
w Контрольный № источника RU/IS/BASE/424277693
901 t Тип документа b